01276nam a2200277 a 4500001001000000005001700010008004100027041000800068044000700076084002000083100004500103245005200148260003700200300002400237500004900261500018900310500017000499500005800669500001000727546002400737650005200761650005600813650003400869650004500903740005000948BRCA_294620190320204035.0161208s1869----gw-a---###---#000-0#ger-u ager agw a292b.035c18691 aCervantes Saavedra, Miguel ded1547-161610aDer sinnreiche Junker Don Quixote von la Mancha aNeuruppinbAlfred Oehmigkec1869 a347 p.bil.c19 cm. aContenido : Texto abreviado a 16 capítulos aEdición : Für die Jugend erzählt von Dr. Lauckhard. Mit 6 Bildern in Thondruck nach Zeichnung von Ludwig Löffler. No se menciona como responsable a Miguel de Cervantes Saavedra aEdición compendiada e ilustrada para la juventud. La impresión es excelente. Semitela; lomera decorada con motivos quijotiles dorados. Lomo roto Lúdovik Osterc aEstado físico : Encuadernación y lomo desprendido aQM524 aTexto en : alemán14aNovela españolayÉpoca clásica, 1500-170014aLiteratura españolayÉpoca clásica, 1500-170014aNovela españolaySiglo XVII14aDon Quijote (Personaje ficticio)eNovela0 aEl Ingenioso Hidalgo Don Quijote de la Mancha